MARC

LEADER 00000nam0a2200000 4500
001 318619
005 20231102003109.0
035 |a (RuTPU)RU\TPU\book\344117 
090 |a 318619 
100 |a 20160428d1961 km y0rusy50 ca 
101 1 |a rus  |c eng 
102 |a RU 
105 |a a z 001zy 
200 1 |a Процесс гидроойл. Перевод № 551/6111  |e пер. с англ.  |f М. Червенак, К. Джонсон, С. Шуман  |g Государственный научно-исследовательский институт научной и технической информации (ГОСИНТИ) 
210 |a Москва  |c Госинти  |d 1961 
215 |a 25 с.  |c ил. 
225 1 |a Переработка нефти и нефтехимический синтез 
320 |a Библиогр.: с. 25 
606 1 |a Гидрогенизация каталитическая  |x Химическая технология  |2 stltpush  |3 (RuTPU)RU\TPU\subj\31796  |9 54554 
606 1 |a Нефтехимический синтез  |2 stltpush  |3 (RuTPU)RU\TPU\subj\72455  |9 85966 
610 1 |a катализаторы 
610 1 |a рабочий процесс 
610 1 |a химические реакции 
610 1 |a кокс 
610 1 |a оптимальные температуры 
610 1 |a тяжелые остатки 
610 1 |a химические процессы 
610 1 |a переработка 
610 1 |a нефтепереработка 
610 1 |a жидкие продукты 
610 1 |a плотность 
675 |a 66.094  |v 4 
675 |a 665.652.7  |v 4 
700 1 |a Червенак  |b М. 
701 1 |a Джонсон  |b К. 
701 1 |a Шуман  |b С. 
712 0 2 |a Государственный научно-исследовательский институт научной и технической информации (ГОСИНТИ)  |c (Москва)  |c (1957-1981)  |2 stltpush  |3 (RuTPU)RU\TPU\col\8267 
801 1 |a RU  |b 63413507  |c 20160428 
801 2 |a RU  |b 63413507  |c 20191226  |g RCR 
942 |c BK